| 000 | 00524cam a2200217ua 4500 | ||
|---|---|---|---|
| 001 | 8091 | ||
| 005 | 20260515114307.0 | ||
| 008 | 150108n ii |||gr||||Z||||||hin | ||
| 020 | _a8185234132 | ||
| 040 | _cMAIN | ||
| 041 | _ahin | ||
| 082 | _a070.4 | ||
| 100 |
_aJain, R., _eAuthor. |
||
| 245 | 1 |
_aProfessional journalism _cBy Ramesh Jain |
|
| 250 | _a1st. | ||
| 260 |
_aJoypur: _bBuhara, _c1992. |
||
| 300 | _a368p. | ||
| 653 | _aNews media, journalism & publishing | ||
| 653 | _aProfessional jounalism | ||
| 942 | _cBK | ||
| 999 |
_c7202 _d7202 |
||